Children and Television (Record no. 825)
[ view plain ]
| 000 -LEADER | |
|---|---|
| Fixed length control field | 00468nam a2200169 4500 |
| 003 - CONTROL NUMBER IDENTIFIER | |
| Control field | SEACOMMC |
| 005 - DATE AND TIME OF LATEST TRANSACTION | |
| Control field | 20241204161715.0 |
| 008 - FIXED-LENGTH DATA ELEMENTS--GENERAL INFORMATION | |
| Fixed length control field | 241204b |||||||| |||| 00| 0 eng d |
| 020 ## - INTERNATIONAL STANDARD BOOK NUMBER / ISBN | |
| International Standard Book Number | 81-7273-301-1 650 |
| Price | Rs.200.00 |
| 040 ## - CATALOGING SOURCE | |
| Original cataloging agency | SEACOMMC |
| 082 ## - DEWEY DECIMAL CLASSIFICATION NUMBER | |
| Classification number | 371.3358 |
| Book Number | S 957 |
| 100 ## - MAIN ENTRY--PERSONAL NAME | |
| Personal name | Sunderaj,Victor |
| 245 1# - TITLE STATEMENT | |
| Title | Children and Television |
| Statement of responsibility | Victor Sunderaj |
| 260 ## - IMPRINT | |
| Place of publication | Delhi |
| Name of publisher | Authors Press |
| Date of publication | 2006 |
| 650 ## - SUBJECT ADDED ENTRY--TOPICAL TERM | |
| Topical term | Children - Television; Child and TV |
| 942 ## - ADDED ENTRY ELEMENTS (KOHA) | |
| Koha item type | Books |
| Withdrawn status | Lost status | Source of classification | Damaged status | Not for loan | Home library | Current library | Shelving location | Date acquired | Total Checkouts | Call number | Accession number | Date last seen | Price effective from | Koha item type |
|---|---|---|---|---|---|---|---|---|---|---|---|---|---|---|
| Dewey Decimal Classification | SEACOM MANAGEMENT COLLEGE | SEACOM MANAGEMENT COLLEGE | Reference | 29/12/2007 | 371.3358 S 957 | M-1098 | 04/12/2024 | 04/12/2024 | Books |
